| Tag |
First Indicator |
Second Indicator |
Subfields |
| LEADER |
00000cam a2200000 i 4500 |
| 001 |
in00000363921 |
| 005 |
20151011073638.0 |
| 008 |
780310s1975 ge b 00010 ger d |
| 035 |
|
|
|a (OCoLC)03702439
|
| 035 |
|
|
|9 ABP3691AM
|
| 040 |
|
|
|a TXA
|c TXA
|d UtOrBLW
|
| 049 |
|
|
|a TXAM
|c [1555459]
|
| 090 |
|
|
|a PN710
|b .A27 1975
|
| 100 |
1 |
|
|a Abusch, Alexander.
|
| 245 |
1 |
0 |
|a Humanismus und Realismus in der Literatur :
|b Aufsatze /
|c Alexander Abusch.
|
| 250 |
|
|
|a 7. Aufl.
|
| 264 |
|
1 |
|a Leipzig :
|b Reclam,
|c 1975.
|
| 300 |
|
|
|a 321 pages ;
|c 17 cm.
|
| 336 |
|
|
|a text
|b txt
|2 rdacontent
|
| 337 |
|
|
|a unmediated
|b n
|2 rdamedia
|
| 338 |
|
|
|a volume
|b nc
|2 rdacarrier
|
| 490 |
1 |
|
|a Reclams Universal-Bibliothek ;
|v Nr. 355
|
| 504 |
|
|
|a "Quellenhinweise" : pages 317-[319].
|
| 650 |
|
0 |
|a Literature, Modern.
|
| 650 |
|
0 |
|a Realism in literature.
|
| 830 |
|
0 |
|a Reclams Universal-Bibliothek ;
|v Nr. 355.
|
| 999 |
|
|
|a MARS
|
| 999 |
f |
f |
|s 01a5c439-d86c-3c27-af9d-1cdd97fe2f61
|i fae4bbcc-bd83-3ca5-b8d1-d1d8ef80b2c5
|t 0
|
| 952 |
f |
f |
|p ric
|a Texas A&M University
|b Rellis Campus
|c Joint Library Facility
|d Remote Storage
|t 0
|e PN710 .A27 1975
|h Library of Congress classification
|i unmediated -- volume
|m A14803670893
|
| 998 |
f |
f |
|a PN710 .A27 1975
|t 0
|l Remote Storage
|